[Event "Gijon RGCC op 7th"]
[Site "Gijon"]
[Date "2023.08.09"]
[Round "7"]
[White "Blazquez Lopez, Berna"]
[Black "Rodriguez Parra, Juan Antonio"]
[Result "1-0"]
[WhiteElo "2151"]
[BlackElo "1836"]
[PlyCount "111"]
[EventDate "2023.08.05"]
[EventType "swiss"]
[EventRounds "9"]
[EventCountry "ESP"]
[SourceTitle "EXT 2024"]
[Source "ChessBase"]
[SourceDate "2023.10.10"]
[SourceVersion "1"]
[SourceVersionDate "2023.10.10"]
[SourceQuality "1"]

1. d4 Nf6 2. Nf3 e6 3. c4 b6 4. g3 Bb7 5. Bg2 Be7 6. 0-0 0-0 7. Nc3 d5 8. Ne5 Nbd7 9. Bf4 c5 10. cxd5 Nxe5 11. Bxe5 Nxd5 12. Qd2 f6 13. Bf4 cxd4 14. Qxd4 Nxc3 15. Qxc3 Bxg2 16. Kxg2 Qd5+ 17. Kg1 Rac8 18. Qe1 Qb5 19. b3 Rc2 20. e4 Re2 21. Qc3 Rxe4 22. Rad1 Bc5 23. Bd6 Rc8 24. Qf3 Qe2 25. Kg2 Qxf3+ 26. Kxf3 Rd4 27. Bxc5 bxc5 28. Rfe1 Kf7 29. Ke3 Rcd8 30. Rxd4 cxd4+ 31. Kd3 e5 32. Rc1 Rd7 33. f4 Ke6 34. fxe5 fxe5 35. Ke4 a5 36. Rc5 d3 37. Rxe5+ Kf6 38. Rf5+ Ke6 39. Rf1 h5 40. Rd1 d2 41. Ke3 Ke5 42. Rxd2 Rc7 43. Rf2 g5 44. Kd3 Rd7+ 45. Kc4 Rb7 46. Re2+ Kf5 47. a3 h4 48. gxh4 gxh4 49. b4 axb4 50. axb4 h3 51. b5 Kf4 52. Rb2 Rg7 53. b6 Rg2 54. Rb3 Rxh2 55. b7 Rc2+ 56. Kd3 1-0

[Event "Gijon RGCC op 7th"]
[Site "Gijon"]
[Date "2023.08.07"]
[Round "4"]
[White "Blazquez Lopez, Berna"]
[Black "Paton Alvarez, Ivan"]
[Result "0-1"]
[WhiteElo "2151"]
[BlackElo "1981"]
[PlyCount "88"]
[EventDate "2023.08.05"]
[EventType "swiss"]
[EventRounds "9"]
[EventCountry "ESP"]
[SourceTitle "EXT 2024"]
[Source "ChessBase"]
[SourceDate "2023.10.10"]
[SourceVersion "1"]
[SourceVersionDate "2023.10.10"]
[SourceQuality "1"]

1. d4 d5 2. Nf3 Nf6 3. c4 e6 4. g3 Be7 5. Bg2 0-0 6. 0-0 dxc4 7. Qc2 a6 8. a4 Bd7 9. Rd1 Bc6 10. Bg5 Be4 11. Qxc4 b5 12. Qc1 Bb7 13. Na3 b4 14. Nc4 a5 15. Ncd2 h6 16. Bxf6 Bxf6 17. Nb3 Nd7 18. Qc2 Ra7 19. Rac1 Qa8 20. Ne1 Bxg2 21. Nxg2 Rc8 22. Ne3 c5 23. dxc5 Nxc5 24. Nxc5 Rac7 25. b3 Bg5 26. Rd4 Bxe3 27. fxe3 Rxc5 28. Qxc5 Rxc5 29. Rxc5 Qa7 30. Rd8+ Kh7 31. Rdc8 Qd7 32. R8c7 Qd1+ 33. Kf2 Qxb3 34. Rxa5 Qb1 35. Rxf7 Qh1 36. Raa7 Qxh2+ 37. Kf3 Qh1+ 38. Kf4 Qf1+ 39. Ke4 Qh1+ 40. Ke5 Qd5+ 41. Kf4 Qg5+ 42. Kf3 b3 43. Rab7 b2 44. Rb5 Qxb5 0-1

[Event "Villa de Gijon op 6th"]
[Site "Gijon"]
[Date "2022.09.14"]
[Round "7"]
[White "Blazquez Lopez, Berna"]
[Black "Gonzalez Pereira, Asier"]
[Result "1-0"]
[WhiteElo "2203"]
[BlackElo "2086"]
[PlyCount "71"]
[EventDate "2022.09.10"]
[EventType "swiss"]
[EventRounds "9"]
[EventCountry "ESP"]
[SourceTitle "CBM 210 Extra"]
[Source "ChessBase"]
[SourceDate "2022.11.30"]
[SourceVersion "1"]
[SourceVersionDate "2022.11.30"]
[SourceQuality "1"]

1. d4 g6 2. Nf3 Bg7 3. e4 c6 4. c4 d5 5. e5 Bg4 6. Nc3 e6 7. h3 Bxf3 8. Qxf3 Nd7 9. Be3 h5 10. Bd3 Bxe5 11. cxd5 exd5 12. dxe5 Nxe5 13. Qe2 Qe7 14. 0-0 d4 15. Bxd4 Nxd3 16. Qxd3 0-0-0 17. Qe3 Qxe3 18. fxe3 Rh7 19. Bxa7 Kc7 20. Bd4 b6 21. Rad1 Re8 22. e4 c5 23. Bf2 h4 24. Be3 f6 25. Bf4+ Kb7 26. Rd6 g5 27. Bh2 g4 28. hxg4 h3 29. Rfd1 Ree7 30. gxh3 Ka6 31. Kg2 f5 32. exf5 Re3 33. Bg3 Nh6 34. Bf4 Nxf5 35. Bxe3 Nxe3+ 36. Kg3 1-0

[Event "Villa de Gijon op 6th"]
[Site "Gijon"]
[Date "2022.09.11"]
[Round "3"]
[White "Alvarez Fernandez, Enrique"]
[Black "Blazquez Lopez, Berna"]
[Result "1-0"]
[WhiteElo "2316"]
[BlackElo "2203"]
[PlyCount "113"]
[EventDate "2022.09.10"]
[EventType "swiss"]
[EventRounds "9"]
[EventCountry "ESP"]
[SourceTitle "CBM 210 Extra"]
[Source "ChessBase"]
[SourceDate "2022.11.30"]
[SourceVersion "1"]
[SourceVersionDate "2022.11.30"]
[SourceQuality "1"]

1. d4 Nf6 2. Nf3 e6 3. c4 d5 4. e3 Be7 5. Bd3 0-0 6. 0-0 c5 7. b3 Nc6 8. Bb2 b6 9. Nbd2 Bb7 10. Qe2 Rc8 11. Rfd1 cxd4 12. exd4 Qc7 13. Rac1 Qf4 14. a3 Na5 15. c5 Ne4 16. b4 Nxd2 17. Qxd2 Qxd2 18. Nxd2 Nc4 19. Bxc4 dxc4 20. Nxc4 Bd5 21. Ne3 Bc6 22. d5 exd5 23. cxb6 axb6 24. Nf5 Bg5 25. f4 Bd7 26. fxg5 Bxf5 27. Rxd5 Be4 28. Rb5 Rb8 29. Be5 Ra8 30. Rc3 Rfd8 31. Rxb6 Rd2 32. Rg3 Rdd8 33. Re3 Bc2 34. Rd6 Re8 35. Kf2 Ba4 36. Bd4 Rec8 37. Bc5 Bb5 38. h4 Ba4 39. h5 Bb5 40. h6 Ba4 41. Kg3 Bc6 42. Kf2 Bb5 43. g3 Bc6 44. Ke2 Ba4 45. Kf3 Bb5 46. Kf4 Ba4 47. g4 Bb5 48. Rh3 g6 49. Re3 Bc6 50. Rc3 Bb5 51. Bd4 Re8 52. Be5 Kf8 53. Rc5 Bf1 54. Rd7 Rad8 55. Bd6+ Kg8 56. Rxd8 Rxd8 57. Be7 1-0

[Event "Oviedo op 8th"]
[Site "Oviedo"]
[Date "2022.07.21"]
[Round "7"]
[White "Martin Fuentes, Alberto"]
[Black "Blazquez Lopez, Berna"]
[Result "1-0"]
[WhiteElo "2400"]
[BlackElo "2204"]
[PlyCount "137"]
[EventDate "2022.07.17"]
[EventType "swiss"]
[EventRounds "9"]
[EventCountry "ESP"]
[SourceTitle "CBM 209 Extra"]
[Source "ChessBase"]
[SourceDate "2022.09.30"]
[SourceVersion "1"]
[SourceVersionDate "2022.09.30"]
[SourceQuality "1"]

1. e4 c6 2. Nc3 d5 3. Nf3 dxe4 4. Nxe4 Nf6 5. Qe2 Nxe4 6. Qxe4 Qa5 7. b4 Qf5 8. Qe3 Qe6 9. Bb2 Qxe3+ 10. fxe3 Bf5 11. 0-0-0 Nd7 12. Re1 Nf6 13. b5 c5 14. h3 h6 15. g4 Be4 16. Bg2 b6 17. d3 Bb7 18. e4 e6 19. Rhg1 Be7 20. Ne5 Rc8 21. c4 Nh7 22. Nc6 Bxc6 23. bxc6 Bf6 24. e5 Bg5+ 25. Kc2 Nf8 26. Kb3 Ng6 27. Ka4 Nf4 28. Be4 0-0 29. Rh1 Bh4 30. Re3 Rfd8 31. Rf1 Ng6 32. Ref3 Rc7 33. Kb5 Bg5 34. Bc3 Nh4 35. R3f2 Be3 36. a4 Bxf2 37. Rxf2 Ng6 38. a5 Ne7 39. axb6 axb6 40. d4 cxd4 41. Bb4 Nc8 42. Ra2 d3 43. Bd6 Ra7 44. Rxa7 Nxa7+ 45. Kxb6 Nxc6 46. Bxc6 d2 47. Bf3 Ra8 48. Bb4 Rd8 49. c5 Rd4 50. Kb5 Rd5 51. Bd1 Rxe5 52. Bxd2 Rd5 53. Bb4 Rxd1 54. c6 Rd8 55. c7 Rc8 56. Kc6 h5 57. gxh5 Kh7 58. Bd2 g6 59. Kd7 Ra8 60. h6 e5 61. c8Q Rxc8 62. Kxc8 f5 63. Bg5 f4 64. Kd7 f3 65. Be3 g5 66. Ke6 Kxh6 67. Kxe5 Kh5 68. Bf2 g4 69. h4 1-0

[Event "Oviedo op 8th"]
[Site "Oviedo"]
[Date "2022.07.20"]
[Round "6"]
[White "Blazquez Lopez, Berna"]
[Black "Castro Quijano, Eduardo"]
[Result "1-0"]
[WhiteElo "2204"]
[BlackElo "2065"]
[PlyCount "73"]
[EventDate "2022.07.17"]
[EventType "swiss"]
[EventRounds "9"]
[EventCountry "ESP"]
[SourceTitle "CBM 209 Extra"]
[Source "ChessBase"]
[SourceDate "2022.09.30"]
[SourceVersion "1"]
[SourceVersionDate "2022.09.30"]
[SourceQuality "1"]

1. d4 Nf6 2. Nf3 c5 3. d5 e6 4. Nc3 exd5 5. Nxd5 Nxd5 6. Qxd5 d6 7. Bg5 Qb6 8. Qb3 Nc6 9. e4 Qb4+ 10. Qxb4 Nxb4 11. Bb5+ Bd7 12. Bxd7+ Kxd7 13. Kd2 Be7 14. Bf4 Bf6 15. c3 Nc6 16. Kc2 Be5 17. Bxe5 dxe5 18. Rad1+ Ke6 19. Rd5 b6 20. Rhd1 Rad8 21. Nxe5 Rxd5 22. exd5+ Kxe5 23. dxc6 Rc8 24. Rd7 Rxc6 25. Rxf7 Rg6 26. g3 a6 27. Kd3 b5 28. Ke3 Kd5 29. f4 Rh6 30. h4 Re6+ 31. Kf3 g6 32. Rxh7 Kc4 33. h5 Kd3 34. hxg6 Rxg6 35. f5 Rf6 36. Kf4 Kc2 37. Rh2+ 1-0

[Event "Villa de Gijon op 5th"]
[Site "Gijon"]
[Date "2019.07.22"]
[Round "1"]
[White "Blazquez Lopez, Berna"]
[Black "Grigoryan, Karen H"]
[Result "0-1"]
[WhiteElo "2154"]
[BlackElo "2549"]
[PlyCount "88"]
[EventDate "2019.07.22"]
[EventType "swiss"]
[EventRounds "9"]
[EventCountry "ESP"]
[SourceTitle "CBM 191 Extra"]
[Source "ChessBase"]
[SourceDate "2019.09.30"]
[SourceVersion "1"]
[SourceVersionDate "2019.09.30"]
[SourceQuality "1"]

1. d4 g6 2. Nf3 Bg7 3. e4 d6 4. Bc4 e6 5. 0-0 Ne7 6. a4 0-0 7. c3 Nd7 8. Qe2 c5 9. Bf4 d5 10. exd5 exd5 11. Re1 dxc4 12. Qxe7 Qxe7 13. Rxe7 Nb6 14. Re1 Bd7 15. a5 Na4 16. Ra2 cxd4 17. Nxd4 Nc5 18. Be3 Nd3 19. Rd1 f5 20. g3 f4 21. gxf4 Bg4 22. Rd2 Bxd4 23. cxd4 Ne1 24. Kf1 Nf3 25. Rc2 Bf5 26. Rc1 Nxh2+ 27. Kg2 Ng4 28. Nd2 Be6 29. Nxc4 g5 30. fxg5 Bd5+ 31. Kg1 Rf3 32. b3 Raf8 33. Rc3 Rh3 34. Kf1 Bxc4+ 35. bxc4 Rxe3 36. Rcc2 Re4 37. Rcb2 Ne3+ 38. Kg1 Rg4+ 39. Kh2 Nf1+ 40. Kh3 Rxg5 41. Rxb7 Rf6 42. Rb8+ Kg7 43. Rb7+ Kh6 44. Rb3 Rfg6 0-1

[Event "Trevias op 24th"]
[Site "Trevias"]
[Date "2018.09.18"]
[Round "2"]
[White "Alvarez Perez, Adan"]
[Black "Blazquez Lopez, Berna"]
[Result "0-1"]
[WhiteElo "1950"]
[BlackElo "2134"]
[PlyCount "78"]
[EventDate "2018.09.17"]
[EventType "swiss"]
[EventRounds "7"]
[EventCountry "ESP"]
[SourceTitle "CBM 186 Extra"]
[Source "ChessBase"]
[SourceDate "2018.08.24"]
[SourceVersion "1"]
[SourceVersionDate "2018.08.24"]
[SourceQuality "1"]

1. d4 d5 2. Bg5 f6 3. Bf4 c5 4. e3 Nc6 5. Bd3 g6 6. c3 e5 7. dxe5 fxe5 8. Bg3 Bg7 9. h4 Nf6 10. Nd2 e4 11. Bb5 0-0 12. Nb3 Qe7 13. Nh3 Bg4 14. Be2 Bxe2 15. Qxe2 c4 16. Nd2 Nh5 17. Bf4 Be5 18. g3 b5 19. a3 a5 20. Rb1 b4 21. Nxc4 bxc3 22. Bxe5 Nxe5 23. Nxe5 Qxe5 24. bxc3 Rfc8 25. 0-0 Rxc3 26. Nf4 Nxf4 27. exf4 Qd4 28. Rfd1 Rxg3+ 29. Kh2 Rd3 30. Rxd3 exd3 31. Qe6+ Kh8 32. Qf7 Qxf2+ 33. Kh3 Qe3+ 34. Kg4 Re8 35. Qxd5 Qe2+ 36. Qf3 h5+ 37. Kg3 Re3 38. Rb8+ Kg7 39. Rb7+ Kh6 0-1

[Event "La Roda op 45th"]
[Site "La Roda"]
[Date "2018.03.29"]
[Round "2"]
[White "Espinosa Aranda, Angel"]
[Black "Blazquez Lopez, Berna"]
[Result "1-0"]
[WhiteElo "2472"]
[BlackElo "2115"]
[PlyCount "101"]
[EventDate "2018.03.28"]
[EventType "swiss"]
[EventRounds "9"]
[EventCountry "ESP"]
[SourceTitle "CBM 183 Extra"]
[Source "ChessBase"]
[SourceDate "2018.04.19"]
[SourceVersion "1"]
[SourceVersionDate "2018.04.19"]
[SourceQuality "1"]

1. Nf3 d5 2. g3 c6 3. Bg2 Bg4 4. c4 Nd7 5. cxd5 cxd5 6. Qa4 Bxf3 7. Bxf3 e6 8. Nc3 Ngf6 9. 0-0 Be7 10. d4 0-0 11. Bf4 a6 12. Rac1 Rc8 13. e4 dxe4 14. Nxe4 Qb6 15. Be3 Rxc1 16. Rxc1 Qxb2 17. Nxf6+ Nxf6 18. Rc7 Qb4 19. Qxb4 Bxb4 20. Bxb7 a5 21. Bc1 Rb8 22. Bf4 Rd8 23. Rc4 h6 24. Bc1 Nd5 25. Kg2 Nb6 26. Rc6 Rd6 27. Kf3 Rxc6 28. Bxc6 Kf8 29. Ke4 Ke7 30. d5 exd5+ 31. Bxd5 Nxd5 32. Kxd5 h5 33. a4 Kd7 34. Be3 g6 35. f3 Kc7 36. Bc5 Be1 37. Bd6+ Kd7 38. Be5 Bb4 39. h3 Be1 40. Kc5 Ke6 41. Bc7 g5 42. g4 hxg4 43. hxg4 f5 44. Kb5 fxg4 45. fxg4 Kd5 46. Bxa5 Bf2 47. Bd8 Ke4 48. a5 Kf3 49. a6 Ba7 50. Bb6 Bb8 51. Kc6 1-0

[Event "Trevias op 23rd"]
[Site "Trevias"]
[Date "2017.09.19"]
[Round "2"]
[White "Blazquez Lopez, Berna"]
[Black "Almirante Olay, Ruben"]
[Result "1-0"]
[WhiteElo "2188"]
[BlackElo "1839"]
[PlyCount "73"]
[EventDate "2017.09.18"]
[EventType "swiss"]
[EventRounds "7"]
[EventCountry "ESP"]
[SourceTitle "CBM 180 Extra"]
[Source "ChessBase"]
[SourceDate "2017.10.06"]
[SourceVersion "1"]
[SourceVersionDate "2017.10.06"]
[SourceQuality "1"]

1. d4 d6 2. Nf3 g6 3. e4 Bg7 4. Bc4 Nf6 5. Qe2 Bg4 6. Nbd2 0-0 7. h3 Bxf3 8. Nxf3 c5 9. e5 dxe5 10. dxe5 Nd5 11. 0-0 Nb6 12. Bb3 Qc7 13. c3 e6 14. Bg5 Nc6 15. Rfe1 Ne7 16. Nh2 c4 17. Bc2 Nbd5 18. Rad1 Rfd8 19. Ng4 Nb6 20. h4 Rxd1 21. Rxd1 Rd8 22. Re1 Rd7 23. h5 Qd8 24. hxg6 hxg6 25. Qf3 Rd2 26. Be4 Rxb2 27. Rd1 Qc7 28. Nf6+ Kf8 29. Qh3 Nbd5 30. Bh6 Nxf6 31. exf6 Nd5 32. Bxg7+ Ke8 33. Bxd5 exd5 34. Re1+ Kd8 35. Qh8+ Kd7 36. Qe8+ Kd6 37. Bf8+ 1-0

[Event "Villa de Gijon op 2nd"]
[Site "Gijon"]
[Date "2016.07.14"]
[Round "9"]
[White "Olivares, Francisco"]
[Black "Blazquez Lopez, Berna"]
[Result "1/2-1/2"]
[WhiteElo "2322"]
[BlackElo "2159"]
[PlyCount "52"]
[EventDate "2016.07.07"]
[EventType "swiss"]
[EventRounds "9"]
[EventCountry "ESP"]
[SourceTitle "EXT 2017"]
[Source "ChessBase"]
[SourceDate "2016.10.25"]
[SourceVersion "1"]
[SourceVersionDate "2016.10.25"]
[SourceQuality "1"]

1. d4 d5 2. c4 c6 3. Nc3 Nf6 4. e3 a6 5. Nf3 b5 6. b3 Bf5 7. Bd3 Bxd3 8. Qxd3 e6 9. 0-0 Nbd7 10. a4 bxc4 11. bxc4 Bb4 12. Bd2 Bxc3 13. Bxc3 0-0 14. Rfb1 c5 15. cxd5 Nxd5 16. Bd2 cxd4 17. exd4 Qc7 18. g3 Rfc8 19. Rc1 Qb7 20. Rxc8+ Rxc8 21. Rb1 Qc6 22. a5 h6 23. Rc1 Qb7 24. Rb1 Qc6 25. Rc1 Qb7 26. Rb1 Qc6 1/2-1/2

[Event "Gijon RGCC op 3rd"]
[Site "Gijon"]
[Date "2015.07.18"]
[Round "9"]
[White "Panelo Munoz, Marcelo A"]
[Black "Blazquez Lopez, Berna"]
[Result "1/2-1/2"]
[WhiteElo "2420"]
[BlackElo "2149"]
[PlyCount "26"]
[EventDate "2015.07.11"]
[EventType "swiss"]
[EventRounds "9"]
[EventCountry "ESP"]
[SourceTitle "EXT 2024"]
[Source "ChessBase"]
[SourceDate "2023.10.10"]
[SourceVersion "1"]
[SourceVersionDate "2023.10.10"]
[SourceQuality "1"]

1. d4 d5 2. Nf3 Nf6 3. c4 c6 4. Nc3 a6 5. a4 e6 6. Bg5 a5 7. e3 Be7 8. Be2 Na6 9. 0-0 0-0 10. Qb3 Nb4 11. Rfd1 b6 12. cxd5 exd5 13. Na2 c5 1/2-1/2

[Event "Gijon RGCC op 3rd"]
[Site "Gijon"]
[Date "2015.07.17"]
[Round "8"]
[White "Blazquez Lopez, Berna"]
[Black "Kovacevic, Slobodan"]
[Result "1-0"]
[WhiteElo "2149"]
[BlackElo "2304"]
[PlyCount "273"]
[EventDate "2015.07.11"]
[EventType "swiss"]
[EventRounds "9"]
[EventCountry "ESP"]
[SourceTitle "EXT 2024"]
[Source "ChessBase"]
[SourceDate "2023.10.10"]
[SourceVersion "1"]
[SourceVersionDate "2023.10.10"]
[SourceQuality "1"]

1. d4 Nf6 2. Nf3 e6 3. c4 c5 4. e3 b6 5. Nc3 cxd4 6. exd4 d6 7. Bd3 Bb7 8. 0-0 Nbd7 9. d5 e5 10. Ng5 Be7 11. f4 g6 12. Qf3 0-0 13. Qh3 Bc8 14. Qh6 Re8 15. fxe5 Bf8 16. Qh4 Rxe5 17. Nxh7 Be7 18. Nxf6+ Bxf6 19. Qf2 Qe7 20. Bf4 Nc5 21. Bxe5 Bxe5 22. Rad1 Ba6 23. Nb5 Bxb5 24. cxb5 Kg7 25. Bc2 Nd7 26. Be4 Nc5 27. Bf3 Rh8 28. g3 Qd7 29. Bg2 f5 30. Qe2 Re8 31. Qd2 Qxb5 32. b3 a5 33. Bf3 Qd7 34. Kg2 Rh8 35. b4 axb4 36. Qxb4 Qe7 37. Qd2 Ra8 38. Rb1 Ra6 39. Rb4 Qa7 40. Rf2 Bf6 41. h4 Ra3 42. Rc4 Nd3 43. Re2 Ne5 44. Rc3 Ra5 45. Qc2 Rc5 46. Rxc5 bxc5 47. h5 Qa8 48. Qd2 g5 49. Rf2 Nf7 50. Bd1 Nh6 51. Bc2 Qxa2 52. Qd3 c4 53. Qf3 g4 54. Qe3 Qa5 55. Qe6 Qc3 56. Bxf5 Qd4 57. Bg6 Qe5 58. Qd7+ Be7 59. Qe8 Qxd5+ 60. Kh2 Qe6 61. Qc6 Bf6 62. Bc2 Nf7 63. Qb7 d5 64. Qc7 d4 65. Qf4 d3 66. Bd1 Nh6 67. Qc7+ Qf7 68. Qd6 Qxh5+ 69. Kg2 Qf7 70. Rf4 Qb7+ 71. Kh2 Qb2+ 72. Kh1 Qb7+ 73. Kh2 Qf7 74. Bxg4 c3 75. Qxd3 Qa2+ 76. Kh3 c2 77. Rc4 Qa8 78. Rc7+ Nf7 79. Qxc2 Qh1+ 80. Qh2 Qe4 81. Qg1 Be5 82. Rd7 Kg8 83. Be6 Qh7+ 84. Kg2 Qe4+ 85. Kh2 Qh4+ 86. Bh3 Qf6 87. Qf1 Qg6 88. Qf2 Bd6 89. Ra7 Ng5 90. Ra8+ Kg7 91. Qd4+ Kf7 92. Qd5+ Ke7 93. Ra7+ Kf8 94. Ra8+ Ke7 95. Qb7+ Kf6 96. Qb2+ Kf7 97. Qb3+ Kf6 98. Qc3+ Kf7 99. Ra7+ Be7 100. Qc4+ Ke8 101. Ra8+ Bd8 102. Qe2+ Qe4 103. Qh5+ Nf7 104. Rxd8+ Kxd8 105. Qxf7 Qe2+ 106. Bg2 Qb2 107. Qd5+ Kc7 108. Qf7+ Kd6 109. Qf4+ Ke6 110. g4 Qh8+ 111. Kg3 Qc3+ 112. Qf3 Qe1+ 113. Kh2 Qe5+ 114. Kh1 Qh8+ 115. Bh3 Qa1+ 116. Bf1 Qb1 117. Kg2 Qc1 118. Qe4+ Kf6 119. Qf5+ Kg7 120. Be2 Qc6+ 121. Bf3 Qd6 122. Qg5+ Kf8 123. Qf5+ Kg7 124. g5 Qd2+ 125. Kh3 Qc3 126. Kg4 Qd4+ 127. Kh5 Qd6 128. Qg4 Qh2+ 129. Qh4 Qd6 130. Be4 Qe5 131. Qe1 Qe8+ 132. Kh4 Qh8+ 133. Kg4 Qc8+ 134. Bf5 Qc4+ 135. Qe4 Qc5 136. Qb7+ Kf8 137. Qc8+ 1-0

[Event "Sanxenxo Carlos op 6th"]
[Site "Sanxenxo"]
[Date "2014.06.29"]
[Round "9"]
[White "Torrado Quintela, Julio"]
[Black "Blazquez Lopez, Berna"]
[Result "1-0"]
[WhiteElo "2237"]
[BlackElo "2113"]
[PlyCount "45"]
[EventDate "2014.06.21"]
[EventType "swiss"]
[EventRounds "9"]
[EventCountry "ESP"]
[SourceTitle "CBM 161 Extra"]
[Source "ChessBase"]
[SourceDate "2014.08.29"]
[SourceVersion "1"]
[SourceVersionDate "2014.08.29"]
[SourceQuality "1"]

1. e4 e5 2. Nf3 Nc6 3. d4 exd4 4. Bc4 Be7 5. c3 Nf6 6. e5 Ne4 7. Bd5 Nc5 8. cxd4 Na6 9. a3 0-0 10. Nc3 d6 11. 0-0 Bg4 12. Qa4 Bd7 13. Qc4 dxe5 14. dxe5 Na5 15. Qe2 c6 16. Ba2 b5 17. b4 Nb7 18. Rd1 Nc7 19. Bb1 a5 20. Qd3 g6 21. Qxd7 axb4 22. Qxc6 bxc3 23. Rxd8 1-0

[Event "Oviedo Fapa op"]
[Site "Oviedo"]
[Date "2010.01.05"]
[Round "9"]
[White "Lobo Rodriguez, Jesus Angel"]
[Black "Blazquez Lopez, Berna"]
[Result "0-1"]
[WhiteElo "2261"]
[BlackElo "2081"]
[PlyCount "60"]
[EventDate "2009.12.26"]
[EventType "swiss"]
[EventRounds "9"]
[EventCountry "ESP"]
[SourceTitle "CBM 134 Extra"]
[Source "ChessBase"]
[SourceDate "2010.03.03"]
[SourceVersion "1"]
[SourceVersionDate "2010.03.03"]
[SourceQuality "1"]

1. c4 c6 2. g3 d5 3. Bg2 Nf6 4. Nf3 Bg4 5. Ne5 Bf5 6. cxd5 cxd5 7. Nc3 e6 8. Qa4+ Nfd7 9. g4 Bg6 10. h4 f6 11. Nxg6 hxg6 12. Qc2 f5 13. d3 Nc6 14. Bf4 Rxh4 15. 0-0-0 Rxg4 16. Bg3 f4 17. Bh3 fxg3 18. Bxg4 Qg5+ 19. Kb1 Qxg4 20. fxg3 0-0-0 21. e4 Nf6 22. Nb5 Kb8 23. e5 Nd7 24. Qf2 Ndxe5 25. Ka1 a6 26. Nc3 Be7 27. d4 Nc4 28. Qf7 Bf6 29. Rhe1 Nxd4 30. Rc1 Nd6 0-1

[Event "Oviedo Fapa op"]
[Site "Oviedo"]
[Date "2010.01.04"]
[Round "8"]
[White "Blazquez Lopez, Berna"]
[Black "Suarez Garcia, Carlos"]
[Result "0-1"]
[WhiteElo "2081"]
[BlackElo "2071"]
[PlyCount "114"]
[EventDate "2009.12.26"]
[EventType "swiss"]
[EventRounds "9"]
[EventCountry "ESP"]
[SourceTitle "CBM 134 Extra"]
[Source "ChessBase"]
[SourceDate "2010.03.03"]
[SourceVersion "1"]
[SourceVersionDate "2010.03.03"]
[SourceQuality "1"]

1. Nf3 d5 2. d4 c5 3. c4 dxc4 4. e3 e6 5. Bxc4 Nf6 6. 0-0 Nc6 7. Nc3 a6 8. Bb3 Be7 9. dxc5 Qxd1 10. Rxd1 Bxc5 11. Bd2 Ke7 12. Rac1 Ba7 13. Na4 Ne4 14. Be1 Bd7 15. Nd2 Nxd2 16. Bxd2 Rac8 17. Nc5 Bxc5 18. Rxc5 Rhd8 19. Rdc1 b6 20. R5c2 a5 21. a3 Na7 22. Bc3 f6 23. Bd4 Rxc2 24. Rxc2 Nc8 25. f4 Kd6 26. Rc1 Bb5 27. e4 Ke7 28. Rd1 Be2 29. Rd2 e5 30. fxe5 fxe5 31. Bc5+ bxc5 32. Rxe2 Rd3 33. Bd5 Nb6 34. Bg8 h6 35. Kf1 Rd8 36. Ba2 c4 37. Ke1 Rd4 38. Bb1 Na4 39. Kf2 Nc5 40. Bc2 Ne6 41. g3 Rd8 42. Ke3 Nd4 43. Rf2 Rb8 44. Bd1 Ne6 45. Rd2 Nd4 46. Rf2 Rc8 47. Kd2 Nb5 48. Ba4 c3+ 49. bxc3 Nxa3 50. Bb3 Nb1+ 51. Kc2 Nxc3 52. Rf7+ Kd6 53. Rxg7 Nxe4+ 54. Kb2 Rb8 55. Ka3 Nd2 56. Bc2 Nc4+ 57. Ka2 Rb2+ 0-1

[Event "Oviedo Fapa op"]
[Site "Oviedo"]
[Date "2010.01.03"]
[Round "7"]
[White "Rodriguez Fernandez, Juan Ramon"]
[Black "Blazquez Lopez, Berna"]
[Result "1/2-1/2"]
[WhiteElo "2207"]
[BlackElo "2081"]
[PlyCount "65"]
[EventDate "2009.12.26"]
[EventType "swiss"]
[EventRounds "9"]
[EventCountry "ESP"]
[SourceTitle "CBM 134 Extra"]
[Source "ChessBase"]
[SourceDate "2010.03.03"]
[SourceVersion "1"]
[SourceVersionDate "2010.03.03"]
[SourceQuality "1"]

1. Nf3 d5 2. g3 Nf6 3. Bg2 c6 4. 0-0 Bg4 5. b3 Nbd7 6. Bb2 Qc7 7. d3 e5 8. Nbd2 Bc5 9. e4 0-0 10. Qe1 Rfe8 11. h3 Bxf3 12. Nxf3 Rad8 13. Qe2 dxe4 14. dxe4 Nf8 15. Rad1 N6d7 16. Rd2 f6 17. Rfd1 Nb6 18. h4 Rxd2 19. Qxd2 Be7 20. Bh3 Rd8 21. Qe2 Rd6 22. Rd2 Rxd2 23. Nxd2 Bc5 24. Nc4 Nbd7 25. c3 b5 26. Nd2 Qd6 27. Nb1 a6 28. Qd2 Qe7 29. Qd3 Bb6 30. Ba3 Bc5 31. Bb2 Bb6 32. Ba3 Bc5 33. Bb2 1/2-1/2

[Event "Oviedo Fapa op"]
[Site "Oviedo"]
[Date "2009.12.26"]
[Round "1"]
[White "Blazquez Lopez, Berna"]
[Black "Lloveras Hernanz, Jose Antonio"]
[Result "1-0"]
[WhiteElo "2081"]
[BlackElo "1786"]
[PlyCount "50"]
[EventDate "2009.12.26"]
[EventType "swiss"]
[EventRounds "9"]
[EventCountry "ESP"]
[SourceTitle "CBM 134 Extra"]
[Source "ChessBase"]
[SourceDate "2010.03.03"]
[SourceVersion "1"]
[SourceVersionDate "2010.03.03"]
[SourceQuality "1"]

1. d4 d5 2. Nf3 Nf6 3. c4 e6 4. cxd5 exd5 5. Bg5 Be7 6. Qc2 c6 7. e3 Nbd7 8. Nc3 h5 9. Bd3 Nf8 10. 0-0 Be6 11. Ne5 Ng4 12. Bxe7 Qxe7 13. Rab1 Nxe5 14. dxe5 g5 15. b4 Nd7 16. f4 Rh6 17. f5 Nxe5 18. fxe6 Rxe6 19. Bf5 Rh6 20. e4 d4 21. Na4 Rd8 22. Nb2 d3 23. Qc3 b5 24. Rbd1 Rhd6 25. Rd2 Qb7 1-0

[Event "Oviedo op 3rd"]
[Site "Oviedo"]
[Date "2008.07.30"]
[Round "8"]
[White "Blazquez Lopez, Berna"]
[Black "Chemli, Farid"]
[Result "1-0"]
[WhiteElo "2116"]
[BlackElo "1790"]
[PlyCount "51"]
[EventDate "2008.07.23"]
[EventType "swiss"]
[EventRounds "9"]
[EventCountry "ESP"]
[SourceTitle "CBM 125 Extra"]
[Source "ChessBase"]
[SourceDate "2008.09.01"]
[SourceVersion "1"]
[SourceVersionDate "2008.09.01"]
[SourceQuality "1"]

1. d4 Nf6 2. Nf3 e6 3. Bg5 Be7 4. Nbd2 d5 5. e3 Nbd7 6. Bd3 c5 7. c3 0-0 8. 0-0 Re8 9. Ne5 Nxe5 10. dxe5 Nd7 11. Bxe7 Qxe7 12. f4 f6 13. exf6 Nxf6 14. e4 g6 15. Qe2 Bd7 16. Rae1 Qf8 17. e5 Nh5 18. Qg4 Ng7 19. Nf3 Nf5 20. Ng5 Qg7 21. Qh3 Rad8 22. Bxf5 gxf5 23. Re3 Kh8 24. Rg3 Qe7 25. Qh5 Rg8 26. Nf7+ 1-0

[Event "Oviedo op 3rd"]
[Site "Oviedo"]
[Date "2008.07.27"]
[Round "5"]
[White "Andres Gonzalez, Ivan"]
[Black "Blazquez Lopez, Berna"]
[Result "1-0"]
[WhiteElo "2314"]
[BlackElo "2116"]
[PlyCount "91"]
[EventDate "2008.07.23"]
[EventType "swiss"]
[EventRounds "9"]
[EventCountry "ESP"]
[SourceTitle "CBM 125 Extra"]
[Source "ChessBase"]
[SourceDate "2008.09.01"]
[SourceVersion "1"]
[SourceVersionDate "2008.09.01"]
[SourceQuality "1"]

1. c4 c6 2. Nf3 d5 3. e3 Nf6 4. Qc2 g6 5. b3 Bg7 6. Bb2 0-0 7. Be2 Bf5 8. d3 a5 9. a3 Bg4 10. Nbd2 Ne8 11. h3 Bxf3 12. Nxf3 Bxb2 13. Qxb2 Nd7 14. h4 e6 15. Rc1 Qf6 16. d4 Nd6 17. c5 Ne4 18. Qc2 e5 19. Bd3 Nxf2 20. Kxf2 e4 21. Bxe4 dxe4 22. Qxe4 Rfe8 23. Qf4 Qe7 24. Rhe1 Nf6 25. Kg1 Nd5 26. Qh6 Nxe3 27. Rc3 Nf5 28. Rxe7 Nxh6 29. Rxb7 Re6 30. Rd7 Rae8 31. d5 cxd5 32. c6 Ng4 33. Rc1 Nf6 34. Rb7 Rc8 35. Nd4 Re4 36. c7 Rxc7 37. Rcxc7 Rxd4 38. Rxf7 Ng4 39. Kf1 Ne3+ 40. Ke2 Nxg2 41. Rg7+ Kf8 42. Rxh7 Kg8 43. Rhc7 Nf4+ 44. Kf3 Ne6 45. Rc8+ Nf8 46. Rbb8 1-0